BIBLIOTHÈQUE DE LA MAISON DU MEXIQUE

Logo 1 Logo 2

...Y México se refugió en el desierto (notice nᵒ 10386)

détails MARC
000 -Sello discográfico
campo de control de longitud fija 00935nam a2200349 4500
005 - Identificación de versión
campo de control 20251016084639.0
035 ## - Otros números de control del sistema
Número de control del sistema 1270
099 ## - fechas locales
Tipo de ítem Koha LIBRO
100 ## - Datos de procesamiento general
Datos de procesamiento general 20040105d1954 m y1spay5003 ba
105 ## - Campo de datos codificados: Material textual, monográfico
Datos codificados de monografía y 001zy
200 1# - Título y mención de responsabilidad
Título propio ...Y México se refugió en el desierto
Designación general del material texto impreso
Otra información del título Luis Terrazas : historia y destino
Primer mención de responsabilidad José Fuentes Mares
210 ## - Publicación, distribución, etc.
Lugar de publicación, distribución, etc. México
Nombre del editor, distribuidor, etc. Editorial Jus
Fecha de publicación, distribución, etc. 1954
215 ## - Descripción física
Designación de material específico y extensión del ítem 298 p
Dimensiones 20 cm
318 ## - Nota de acción
Acción No se presta a domicilio
345 ## - Nota de información de adquisición
Fuente de adquisición/dirección de la suscripción [OBSOLETO] Donación
600 ## - Nombre personal usado como materia
Elemento de entrada Terrazas
Parte del nombre distinta del elemento de entrada Luis
Fechas 1829-1923
Número Koha 16915
607 ## - Nombre geográfico utilizado como tema
Elemento de entrada Chihuahua (México)
Subdivisión temática Historia
Número Koha 12157
660 ## - Código de área geográfica
Código MX
676 ## - Clasificación Decimal Dewey
Número R972.07 F954y
700 ## - Nombre personal - Responsabilidad primaria
Elemento de entrada Fuentes Mares
Parte del nombre distinta del elemento de entrada José
Fechas 1915-1986
Número Koha 266
801 #0 - Fuente de origen
Agencia cm
900 ## -
-- 1/5774
900 ## -
-- 7100417535\050104
942 ## - ELEMENTOS DE ENTRADA SECUNDARIOS (KOHA)
Tipo de ítem Koha Livre

Pas d'exemplaire disponible.